| 000 | 00381cam a2200157ua 4500 | ||
|---|---|---|---|
| 041 |
_aeng _h |
||
| 082 |
_a823.301 _bWES/TR |
||
| 100 | _aWest , Michael . | ||
| 245 |
_aTraveller`s tales / _cMichael West. _hTextual Documents |
||
| 250 |
_a1 / _b. |
||
| 260 |
_aLondon : _bLongaman Green and Co , _c1967. |
||
| 300 | _a56 ; . | ||
| 504 | _a | ||
| 942 | _cBK | ||
| 999 |
_c2408 _d2408 |
||